[Event "Asia-ch (Women)"]
[Site "Al Ain"]
[Date "2025.05.12"]
[Round "6"]
[White "Garifullina, Leya"]
[Black "Balabayeva, Kseniya"]
[Result "0-1"]
[WhiteElo "2467"]
[BlackElo "2311"]
[PlyCount "48"]
[EventDate "2025.05.07"]
[EventType "swiss"]
[EventRounds "9"]
[EventCountry "UAE"]
[SourceTitle "CB21_2025"]
[SourceDate "2025.05.21"]
[SourceVersion "1"]
[SourceVersionDate "2025.05.21"]
[SourceQuality "1"]

1. e4 c6 2. d4 d5 3. e5 c5 4. dxc5 e6 5. Nf3 Bxc5 6. Bd3 Nc6 7. 0-0 f6 8. Qe2 fxe5 9. Nxe5 Nxe5 10. Qxe5 Nf6 11. Bf4 0-0 12. Bg3 Qb6 13. Nc3 Bd4 14. Qd6 Bd7 15. Qxb6 Bxb6 16. Ne2 Rac8 17. Rac1 Bc6 18. b3 a6 19. Be5 Nd7 20. Bd6 Rfd8 21. c4 Bc5 22. Bg3 d4 23. f3 e5 24. Rfd1 Re8 0-1

[Event "Asia-ch (Women) Blitz"]
[Site "Al Ain"]
[Date "2025.05.10"]
[Round "1"]
[White "Kairbekova, Amina"]
[Black "Garifullina, Leya"]
[Result "0-1"]
[WhiteElo "2344"]
[BlackElo "2467"]
[PlyCount "60"]
[EventDate "2025.05.10"]
[EventType "swiss (blitz)"]
[EventRounds "9"]
[EventCountry "UAE"]
[SourceTitle "CB20_2025"]
[SourceDate "2025.05.14"]
[SourceVersion "1"]
[SourceVersionDate "2025.05.14"]
[SourceQuality "1"]

1. e4 c5 2. Nf3 d6 3. d4 cxd4 4. Nxd4 Nf6 5. Nc3 a6 6. h3 e5 7. Nb3 Be6 8. f4 g6 9. Be2 Nbd7 10. 0-0 Qc7 11. Kh1 Be7 12. f5 gxf5 13. exf5 Bc4 14. Bg5 Rg8 15. Bh4 0-0-0 16. Nd2 Bxe2 17. Qxe2 d5 18. Rad1 Bb4 19. Nf3 Bxc3 20. bxc3 Rde8 21. Rfe1 Ne4 22. Qe3 Nxc3 23. Rd3 d4 24. Rxd4 Nb6 25. Rd3 Nbd5 26. Qa7 e4 27. Rd4 exf3 28. Rxe8+ Rxe8 29. gxf3 Qc6 30. Rxd5 Nxd5 0-1

[Event "Asia-ch (Women) Blitz"]
[Site "Al Ain"]
[Date "2025.05.10"]
[Round "9"]
[White "Padmini, Rout"]
[Black "Garifullina, Leya"]
[Result "1-0"]
[WhiteElo "2359"]
[BlackElo "2467"]
[PlyCount "75"]
[EventDate "2025.05.10"]
[EventType "swiss (blitz)"]
[EventRounds "9"]
[EventCountry "UAE"]
[SourceTitle "CB20_2025"]
[SourceDate "2025.05.14"]
[SourceVersion "1"]
[SourceVersionDate "2025.05.14"]
[SourceQuality "1"]

1. Nf3 d5 2. g3 Bg4 3. Bg2 e6 4. 0-0 Nf6 5. d3 Be7 6. Nbd2 Nc6 7. h3 Bh5 8. g4 Bg6 9. Nh4 Nd7 10. Nxg6 hxg6 11. e3 g5 12. a3 Nf8 13. c4 dxc4 14. dxc4 Ng6 15. Nf3 Qxd1 16. Rxd1 Na5 17. Nd2 Rd8 18. Rf1 Ne5 19. b4 Nexc4 20. Nxc4 Nxc4 21. Bxb7 c5 22. b5 Na5 23. Bg2 Bf6 24. Rb1 c4 25. a4 0-0 26. Ba3 Rfe8 27. Bb4 Nb3 28. Bc6 Be7 29. Bc3 Rf8 30. Rfd1 Bc5 31. a5 f6 32. Rxd8 Rxd8 33. b6 axb6 34. a6 b5 35. Bxb5 Nd2 36. Bxd2 Rxd2 37. Bxc4 Kf7 38. a7 1-0

[Event "Asia-ch (Women) Blitz"]
[Site "Al Ain"]
[Date "2025.05.10"]
[Round "3"]
[White "Potapova, Margarita"]
[Black "Garifullina, Leya"]
[Result "0-1"]
[WhiteElo "2224"]
[BlackElo "2467"]
[PlyCount "214"]
[EventDate "2025.05.10"]
[EventType "swiss (blitz)"]
[EventRounds "9"]
[EventCountry "UAE"]
[SourceTitle "CB20_2025"]
[SourceDate "2025.05.14"]
[SourceVersion "1"]
[SourceVersionDate "2025.05.14"]
[SourceQuality "1"]

1. d4 Nf6 2. c4 e6 3. Nc3 Bb4 4. f3 d5 5. a3 Be7 6. e4 dxe4 7. fxe4 c5 8. d5 exd5 9. exd5 0-0 10. Be2 Re8 11. Nf3 Bf5 12. 0-0 a6 13. Nh4 Bg6 14. Nf5 Bxf5 15. Rxf5 Bd6 16. Bg5 Nbd7 17. Qd2 Be5 18. h3 Qc7 19. Bd3 Bd4+ 20. Kh1 Nh5 21. Bf4 Nxf4 22. Qxf4 Qxf4 23. Rxf4 Ne5 24. Bf1 g6 25. Re4 f5 26. Ree1 Nf7 27. Re6 Bxc3 28. bxc3 Rxe6 29. dxe6 Nd6 30. Rd1 Ne4 31. Rd7 Re8 32. Rxb7 Rxe6 33. Kg1 Nxc3 34. Rc7 Na4 35. Kf2 Rd6 36. Ke3 Rb6 37. Be2 Rb3+ 38. Kf4 Rxa3 39. Kg5 Rb3 40. Bf3 Rb6 41. Bd5+ Kf8 42. Rxh7 Nc3 43. Bf3 a5 44. Ra7 a4 45. h4 Ke8 46. h5 gxh5 47. Kxf5 Kd8 48. Bxh5 Rb3 49. Ke6 a3 50. Bf3 Rb6+ 51. Ke5 a2 52. g4 Ke8 53. g5 Kf8 54. Kf5 Rb1 55. Kf6 Rb6+ 56. Kf5 Rb4 57. Kf6 Ra4 58. Rh7 Ke8 59. Bc6+ Kd8 60. Bxa4 a1Q 61. Bd7 Ne4+ 62. Kf5 Nd6+ 63. Kg4 Qd4+ 64. Kh5 Nxc4 65. Bf5 Ne5 66. g6 Nxg6 67. Kxg6 c4 68. Kg5 Qe3+ 69. Kf6 Qd4+ 70. Ke6 Kc8 71. Re7 Kb8 72. Rd7 Qe3+ 73. Kd5 c3 74. Kc6 Qf3+ 75. Rd5 Qg2 76. Kd6 c2 77. Rb5+ Ka7 78. Bxc2 Qxc2 79. Rc5 Qd3+ 80. Rd5 Qe4 81. Rc5 Kb6 82. Rd5 Qf4+ 83. Ke6 Kc6 84. Re5 Qg4+ 85. Ke7 Qg7+ 86. Ke6 Qd7+ 87. Kf6 Kd6 88. Re4 Qa7 89. Re6+ Kd5 90. Re5+ Kd4 91. Re7 Qb6+ 92. Re6 Qd8+ 93. Kf5 Qd5+ 94. Kf6 Qd7 95. Re7 Qg4 96. Re6 Kd5 97. Re5+ Kd6 98. Rf5 Qh4+ 99. Kf7 Qe7+ 100. Kg6 Ke6 101. Rf3 Qe8+ 102. Kg5 Qb5+ 103. Kf4 Qc4+ 104. Kg3 Ke5 105. Re3+ Kf5 106. Kf3 Qf1+ 107. Kg3 Qf4+ 0-1

[Event "Asia-ch (Women)"]
[Site "Al Ain"]
[Date "2025.05.07"]
[Round "1"]
[White "Luong, Phuong Hanh"]
[Black "Garifullina, Leya"]
[Result "1/2-1/2"]
[WhiteElo "2144"]
[BlackElo "2467"]
[PlyCount "118"]
[EventDate "2025.05.07"]
[EventType "swiss"]
[EventRounds "9"]
[EventCountry "UAE"]
[SourceTitle "CB21_2025"]
[SourceDate "2025.05.21"]
[SourceVersion "1"]
[SourceVersionDate "2025.05.21"]
[SourceQuality "1"]

1. d4 Nf6 2. Nf3 d5 3. e3 c5 4. Bd3 Nc6 5. 0-0 Bg4 6. c3 e6 7. Nbd2 Bd6 8. dxc5 Bxc5 9. e4 Qc7 10. exd5 Nxd5 11. Ne4 Be7 12. h3 Bf5 13. Ng3 Bxd3 14. Qxd3 0-0-0 15. Qe2 Nf4 16. Bxf4 Qxf4 17. Rfd1 h5 18. Rxd8+ Bxd8 19. Rd1 Bc7 20. Ne4 h4 21. Nc5 Rd8 22. Rxd8+ Bxd8 23. Qd1 Qc7 24. b4 Be7 25. Nb3 Bf6 26. Qd2 Ne7 27. Nc5 Nd5 28. Nd4 Be7 29. Nb5 Qb6 30. c4 Nf6 31. a4 Bxc5 32. bxc5 Qxc5 33. Qf4 Kd7 34. Qb8 Ke7 35. Qxb7+ Nd7 36. Nxa7 Qxc4 37. Nc6+ Kf6 38. Qc7 g5 39. a5 Qc1+ 40. Kh2 Qf4+ 41. Qxf4+ gxf4 42. a6 Nb6 43. Nd4 e5 44. Nf3 e4 45. Nxh4 Kg5 46. g3 f3 47. Kg1 Nc8 48. Kf1 f5 49. Ke1 f4 50. Nxf3+ exf3 51. g4 Na7 52. Kd2 Nc6 53. Kc3 Kh4 54. Kc4 Kxh3 55. Kc5 Kg2 56. Kxc6 Kxf2 57. a7 Kg1 58. a8Q f2 59. Qa7 Kg2 1/2-1/2

[Event "RUS-chT (Women)"]
[Site "Sochi"]
[Date "2025.04.30"]
[Round "5.1"]
[White "Garifullina, Leya"]
[Black "Zhapova, Yana"]
[Result "1-0"]
[WhiteElo "2459"]
[BlackElo "2244"]
[PlyCount "59"]
[EventDate "2025.04.26"]
[EventType "team-swiss"]
[EventRounds "9"]
[EventCountry "RUS"]
[SourceTitle "CB19_2025"]
[SourceDate "2025.05.07"]
[SourceVersion "1"]
[SourceVersionDate "2025.05.07"]
[SourceQuality "1"]
[WhiteTeam "Sverdlovsk Region (W)"]
[BlackTeam "Novosibirsk GAU (W)"]
[WhiteTeamCountry "RUS"]
[BlackTeamCountry "RUS"]

1. e4 e6 2. d4 d5 3. Nc3 Nf6 4. e5 Nfd7 5. f4 c5 6. dxc5 Nc6 7. Bd2 Nxc5 8. Nf3 a6 9. a3 f6 10. exf6 Qxf6 11. Be3 Bd6 12. Be2 0-0 13. 0-0 Bd7 14. Nd4 Ne7 15. b4 Na4 16. Nxa4 Bxa4 17. Bg4 Bd7 18. Qd2 Rae8 19. Rae1 Bb8 20. g3 g6 21. Nf3 Nc8 22. Bd4 Qd8 23. Ba1 Ba7+ 24. Kg2 Qc7 25. c4 Qxc4 26. Rc1 Qb5 27. Rc7 Rf7 28. Ne5 Rfe7 29. Be2 Qa4 30. Bd1 1-0

[Event "Reykjavik op"]
[Site "Reykjavik"]
[Date "2025.04.15"]
[Round "9"]
[White "Garifullina, Leya"]
[Black "Friedel, Joshua E"]
[Result "0-1"]
[WhiteElo "2459"]
[BlackElo "2552"]
[PlyCount "114"]
[EventDate "2025.04.09"]
[EventType "swiss"]
[EventRounds "9"]
[EventCountry "ISL"]
[SourceTitle "CB17_2025"]
[SourceDate "2025.04.23"]
[SourceVersion "1"]
[SourceVersionDate "2025.04.23"]
[SourceQuality "1"]

1. e4 c6 2. d4 d5 3. e5 Bf5 4. Nf3 e6 5. Be2 Nd7 6. 0-0 Ne7 7. Nbd2 h6 8. Nb3 g5 9. a4 Bg7 10. Bd2 a5 11. Ne1 c5 12. c3 0-0 13. Nc2 c4 14. Nc1 f6 15. exf6 Nxf6 16. Ne3 Bh7 17. b3 cxb3 18. Qxb3 Ne4 19. Be1 Ng6 20. f3 Nd6 21. Nd3 Rc8 22. Bf2 h5 23. Rfc1 Kh8 24. Qd1 Nf4 25. Bf1 Qf6 26. Ne5 g4 27. g3 gxf3 28. Qxf3 Ng6 29. Qxf6 Rxf6 30. Nd7 Rxf2 31. Kxf2 Ne4+ 32. Ke1 Nxc3 33. Nd1 Bxd4 34. Ra3 Rd8 35. Nxc3 Rxd7 36. Nb5 Bb6 37. Rc8+ Kg7 38. Bh3 Ne5 39. Rb3 Nd3+ 40. Ke2 Rf7 41. Nd6 Rf2+ 42. Kd1 Nc5 43. Rxc5 Bxc5 44. Rxb7+ Kg6 45. Bxe6 Bxd6 46. Bxd5 Kh6 47. Rb6 Rf6 48. Ke2 Be7 49. Rxf6+ Bxf6 50. Kf3 Be5 51. Bc6 Kg5 52. h4+ Kf6 53. g4 hxg4+ 54. Kxg4 Bf5+ 55. Kf3 Ke7 56. h5 Kd6 57. Be8 Bd7 0-1

[Event "Reykjavik op"]
[Site "Reykjavik"]
[Date "2025.04.13"]
[Round "7"]
[White "Garifullina, Leya"]
[Black "Adhiban, Baskaran"]
[Result "1-0"]
[WhiteElo "2459"]
[BlackElo "2554"]
[PlyCount "109"]
[EventDate "2025.04.09"]
[EventType "swiss"]
[EventRounds "9"]
[EventCountry "ISL"]
[SourceTitle "CB17_2025"]
[SourceDate "2025.04.23"]
[SourceVersion "1"]
[SourceVersionDate "2025.04.23"]
[SourceQuality "1"]

1. e4 c5 2. Nf3 d6 3. d4 cxd4 4. Nxd4 Nf6 5. Nc3 a6 6. Be3 e6 7. a3 b5 8. g4 Bb7 9. Bg2 Nfd7 10. g5 Nc6 11. Nxc6 Bxc6 12. h4 Be7 13. Ne2 0-0 14. Nd4 Bb7 15. Qg4 Ne5 16. Qe2 Nc4 17. 0-0-0 Rc8 18. Kb1 Qa5 19. Bc1 b4 20. Qe1 d5 21. exd5 Qb6 22. a4 Bc5 23. Nb3 Bxf2 24. Qe2 Bxd5 25. Bxd5 exd5 26. a5 Qa7 27. Rxd5 Rfe8 28. Qd3 Ne5 29. Qd2 Nc4 30. Qxb4 Qc7 31. Ka2 Ne5 32. Qf4 Ba7 33. Re1 Bb8 34. Rc5 Qd7 35. Rcxe5 Rxe5 36. Rxe5 Bxe5 37. Qxe5 Rxc2 38. Qe4 Qc8 39. Bd2 Rc4 40. Qe5 Qd7 41. Bc3 f6 42. gxf6 Ra4+ 43. Kb1 Rxh4 44. Nc1 Rc4 45. fxg7 Rc8 46. Qf6 Qc6 47. Qd4 h5 48. Nd3 Qg6 49. Ka1 h4 50. Nf4 Qg4 51. Ka2 Qf5 52. Nd5 Kf7 53. Qa7+ Ke6 54. Nf6 Qb5 55. Qb6+ 1-0

[Event "Reykjavik op"]
[Site "Reykjavik"]
[Date "2025.04.13"]
[Round "6"]
[White "Gorshtein, Ido"]
[Black "Garifullina, Leya"]
[Result "1/2-1/2"]
[WhiteElo "2557"]
[BlackElo "2459"]
[PlyCount "113"]
[EventDate "2025.04.09"]
[EventType "swiss"]
[EventRounds "9"]
[EventCountry "ISL"]
[SourceTitle "CB17_2025"]
[SourceDate "2025.04.23"]
[SourceVersion "1"]
[SourceVersionDate "2025.04.23"]
[SourceQuality "1"]

1. c4 e5 2. g3 c6 3. d4 e4 4. a3 d5 5. Nc3 Be7 6. Bg2 Nf6 7. f3 exf3 8. Nxf3 0-0 9. 0-0 dxc4 10. e4 Bg4 11. Be3 Nbd7 12. h3 Bxf3 13. Qxf3 Ne8 14. h4 Nc7 15. Rad1 Qe8 16. Kh1 Rd8 17. Qg4 Kh8 18. h5 c5 19. h6 g6 20. e5 cxd4 21. e6 Nxe6 22. Bxd4+ Nxd4 23. Qxd4+ f6 24. Rde1 g5 25. Bd5 Bc5 26. Qxc4 Qh5+ 27. Kg2 b6 28. Rh1 Qg6 29. Be4 Ne5 30. Qe2 f5 31. Bf3 Rfe8 32. Rd1 Rxd1 33. Qxd1 g4 34. Bd5 f4 35. gxf4 Nd3 36. Rf1 Re3 37. Be4 Qh5 38. Rh1 Nxf4+ 39. Kf1 Rd3 40. Rxh5 Rxd1+ 41. Nxd1 Nxh5 42. Kg2 Bd4 43. Bf5 Nf6 44. Nf2 Bxf2 45. Kxf2 Ng8 46. Bxg4 Nxh6 47. Bh3 Kg7 48. Ke3 Kf6 49. Ke4 Nf7 50. Kd5 Ne5 51. Bf1 h5 52. Kd6 h4 53. Kc7 Nf3 54. Kb7 Nd2 55. Bh3 Nc4 56. Kxa7 Nxb2 57. Bf1 1/2-1/2

[Event "Reykjavik op"]
[Site "Reykjavik"]
[Date "2025.04.10"]
[Round "2"]
[White "Wan, Joseph C"]
[Black "Garifullina, Leya"]
[Result "0-1"]
[WhiteElo "2242"]
[BlackElo "2459"]
[PlyCount "104"]
[EventDate "2025.04.09"]
[EventType "swiss"]
[EventRounds "9"]
[EventCountry "ISL"]
[SourceTitle "CB17_2025"]
[SourceDate "2025.04.23"]
[SourceVersion "1"]
[SourceVersionDate "2025.04.23"]
[SourceQuality "1"]

1. e4 c5 2. Nf3 d6 3. Bb5+ Nd7 4. 0-0 a6 5. Bd3 Ngf6 6. Re1 e6 7. c3 b5 8. Bc2 Bb7 9. a4 Be7 10. d4 Qc7 11. Nbd2 0-0 12. e5 dxe5 13. dxe5 Nd5 14. Ne4 Rfd8 15. Ng3 N5b6 16. Qe2 Bxf3 17. gxf3 c4 18. Qe4 g6 19. Be3 Nc5 20. Bxc5 Qxc5 21. axb5 axb5 22. Rxa8 Nxa8 23. h4 Qd5 24. Rd1 Qxe4 25. Rxd8+ Bxd8 26. Nxe4 Bxh4 27. Nd6 Bg5 28. Nxb5 Bc1 29. Nd6 Bxb2 30. Nxc4 Bxc3 31. f4 Nc7 32. Kg2 Nd5 33. Kf3 Bd4 34. Kg3 Bc5 35. Nb2 Kg7 36. Ba4 Nc3 37. Be8 Kf8 38. Bc6 Ne2+ 39. Kg2 Nxf4+ 40. Kf3 g5 41. Kg4 h6 42. f3 Bd4 43. Nc4 Ng6 44. Be4 Nxe5+ 45. Nxe5 Bxe5 46. Kh5 Kg7 47. Bc6 Bf4 48. Bb7 f5 49. Bc8 Kf6 50. Bb7 e5 51. Bc6 Ke6 52. Bb7 Kd6 0-1

[Event "Samarkand (Women) op 3rd"]
[Site "Samarkand"]
[Date "2025.03.16"]
[Round "7"]
[White "Girya, Olga"]
[Black "Garifullina, Leya"]
[Result "1-0"]
[WhiteElo "2398"]
[BlackElo "2446"]
[PlyCount "47"]
[EventDate "2025.03.09"]
[EventType "swiss"]
[EventRounds "9"]
[EventCountry "UZB"]
[SourceTitle "CB13_2025"]
[SourceDate "2025.03.26"]
[SourceVersion "1"]
[SourceVersionDate "2025.03.26"]
[SourceQuality "1"]

1. d4 Nf6 2. c4 e6 3. Nf3 d5 4. Nc3 a6 5. cxd5 exd5 6. Bg5 Be6 7. Bxf6 Qxf6 8. Qb3 Ra7 9. h4 h6 10. 0-0-0 Qd8 11. e4 c6 12. Bd3 Be7 13. Qc2 Qc8 14. Kb1 dxe4 15. Bxe4 Nd7 16. d5 cxd5 17. Bxd5 0-0 18. Ng5 Nf6 19. Nxe6 fxe6 20. Bb3 Bb4 21. Qe2 Re8 22. Ne4 Nd5 23. Qg4 Qc6 24. Rxd5 1-0

[Event "Samarkand (Women) op 3rd"]
[Site "Samarkand"]
[Date "2025.03.11"]
[Round "3"]
[White "Garifullina, Leya"]
[Black "Soumya, Swaminathan"]
[Result "1-0"]
[WhiteElo "2446"]
[BlackElo "2253"]
[PlyCount "75"]
[EventDate "2025.03.09"]
[EventType "swiss"]
[EventRounds "9"]
[EventCountry "UZB"]
[SourceTitle "CB13_2025"]
[SourceDate "2025.03.26"]
[SourceVersion "1"]
[SourceVersionDate "2025.03.26"]
[SourceQuality "1"]

1. e4 c5 2. Nf3 d6 3. d4 cxd4 4. Nxd4 Nf6 5. Nc3 Nc6 6. Bg5 Bd7 7. Qd2 a6 8. 0-0-0 e6 9. f4 Be7 10. Nf3 b5 11. Bxf6 gxf6 12. Kb1 b4 13. Ne2 h5 14. Ned4 Qb6 15. Be2 Rc8 16. Rhe1 Na5 17. Qd3 Qc5 18. Nd2 h4 19. g3 e5 20. N4b3 Nxb3 21. cxb3 Bb5 22. Nc4 Bxc4 23. bxc4 hxg3 24. hxg3 Rh2 25. Rh1 Rxh1 26. Rxh1 Bf8 27. Qf3 Qa7 28. Bd1 Rxc4 29. fxe5 fxe5 30. Ba4+ Kd8 31. Bb3 Rc7 32. Qf6+ Re7 33. Qxd6+ Qd7 34. Qxa6 Qb7 35. Qd6+ Qd7 36. Qxb4 Re8 37. Qb6+ Ke7 38. Rd1 1-0

[Event "Moscow Aeroflot op-A"]
[Site "Moscow"]
[Date "2025.03.02"]
[Round "3"]
[White "Garifullina, Leya"]
[Black "Parpiev, Isaak"]
[Result "0-1"]
[WhiteElo "2446"]
[BlackElo "2341"]
[PlyCount "76"]
[EventDate "2025.03.01"]
[EventType "swiss"]
[EventRounds "9"]
[EventCountry "RUS"]
[SourceTitle "CB11_2025"]
[SourceDate "2025.03.12"]
[SourceVersion "1"]
[SourceVersionDate "2025.03.12"]
[SourceQuality "1"]

1. e4 c5 2. Nf3 d6 3. d4 cxd4 4. Nxd4 Nf6 5. Nc3 Nc6 6. Bg5 g6 7. Bxf6 exf6 8. Bb5 Bd7 9. Bc4 Bg7 10. Nxc6 Bxc6 11. Nd5 0-0 12. 0-0 b5 13. Bb3 a5 14. c3 a4 15. Bc2 a3 16. bxa3 Rxa3 17. Bb3 Re8 18. Qd3 Qb8 19. Rad1 Ra7 20. f4 Bxd5 21. Bxd5 Qb6+ 22. Kh1 Qc5 23. f5 Rc7 24. Rb1 Qxc3 25. Qxb5 Rec8 26. Qb6 Bf8 27. a4 Rc5 28. h3 g5 29. Qb3 Qxb3 30. Rxb3 g4 31. hxg4 Bh6 32. Rb7 R8c7 33. Rfb1 Bd2 34. g3 Kg7 35. R1b5 Rc1+ 36. Kg2 R7c2 37. Bb3 Rb2 38. Bxf7 Bb4+ 0-1

[Event "Wch Rapid (Women)"]
[Site "New York"]
[Date "2024.12.27"]
[Round "6"]
[White "Garifullina, Leya"]
[Black "Vaishali, Ramesh Babu"]
[Result "1-0"]
[WhiteElo "2336"]
[BlackElo "2355"]
[PlyCount "103"]
[EventDate "2024.12.26"]
[EventType "swiss (rapid)"]
[EventRounds "11"]
[EventCountry "USA"]
[SourceTitle "CB01_2025"]
[SourceDate "2025.01.01"]
[SourceVersion "1"]
[SourceVersionDate "2025.01.01"]
[SourceQuality "1"]

1. e4 e5 2. Nf3 Nc6 3. Bb5 a6 4. Ba4 d6 5. 0-0 Bd7 6. c3 g6 7. d4 Bg7 8. h3 Nf6 9. Re1 0-0 10. Bc2 h6 11. Nbd2 a5 12. Nf1 a4 13. Ng3 a3 14. b3 Nh7 15. dxe5 Nxe5 16. Nxe5 Bxe5 17. Qd3 Qh4 18. Bd2 Rae8 19. Ne2 Bg7 20. Nd4 Ng5 21. f4 Ne6 22. Nxe6 Rxe6 23. Re2 Bc6 24. Rae1 Rfe8 25. b4 b6 26. Bb3 R6e7 27. Kh2 Kh8 28. Bxf7 Rxf7 29. Qc4 Ref8 30. Qxc6 Rxf4 31. Bxf4 Qxf4+ 32. g3 Qf3 33. Rg2 Be5 34. Qxc7 h5 35. Qe7 Rf6 36. Qd8+ Kg7 37. Qxb6 h4 38. Qe3 Bxg3+ 39. Kg1 Bxe1 40. Qxe1 Qxh3 41. e5 dxe5 42. Qxe5 Qf3 43. Rd2 Kh6 44. b5 Qf1+ 45. Kh2 Rf5 46. Qh8+ Kg5 47. Rg2+ Kf4 48. Qxh4+ Ke3 49. Qd4+ Kf3 50. Rg3+ Ke2 51. Qd3+ Ke1 52. Re3+ 1-0

[Event "Wch Rapid (Women)"]
[Site "New York"]
[Date "2024.12.26"]
[Round "4"]
[White "Garifullina, Leya"]
[Black "Priyanka, Nutakki"]
[Result "1-0"]
[WhiteElo "2336"]
[BlackElo "2256"]
[PlyCount "85"]
[EventDate "2024.12.26"]
[EventType "swiss (rapid)"]
[EventRounds "11"]
[EventCountry "USA"]
[SourceTitle "CB01_2025"]
[SourceDate "2025.01.01"]
[SourceVersion "1"]
[SourceVersionDate "2025.01.01"]
[SourceQuality "1"]

1. e4 Nc6 2. Nf3 d6 3. d4 Nf6 4. Nc3 Bg4 5. Be3 e5 6. d5 Ne7 7. h3 Bd7 8. a4 Ng6 9. a5 c5 10. Nd2 Rb8 11. Nc4 Be7 12. Bg5 Qc7 13. Na3 a6 14. Nc4 0-0 15. Bd3 Ne8 16. Be3 Nh4 17. 0-0 f5 18. f4 exf4 19. Bxf4 Ng6 20. exf5 Bxf5 21. Bh2 Bxd3 22. Qxd3 Nf6 23. Rae1 Rbd8 24. Re6 Nh5 25. Rxf8+ Nxf8 26. Re1 Bh4 27. Rf1 Nf6 28. Qf5 h6 29. g3 Bg5 30. h4 N8h7 31. hxg5 Nxg5 32. Kg2 Qe7 33. Bg1 Rf8 34. Be3 Ngh7 35. Bf4 Rd8 36. Rf2 Nf8 37. Re2 Qc7 38. Bxh6 Re8 39. Rxe8 Nxe8 40. Bg5 g6 41. Qe4 Qf7 42. Bf4 Qf6 43. Qxe8 1-0

[Event "Swiss Queens Wed #47"]
[Site "FIDE Online Arena INT"]
[Date "2024.12.18"]
[Round "8"]
[White "Garifullina, Leya"]
[Black "Shuvalova, Polina"]
[Result "0-1"]
[WhiteElo "2451"]
[BlackElo "2504"]
[PlyCount "106"]
[EventDate "2024.12.18"]
[EventType "swiss (blitz)"]
[EventRounds "11"]
[EventCountry "NET"]
[SourceTitle "CB52_2024"]
[SourceDate "2024.12.25"]
[SourceVersion "1"]
[SourceVersionDate "2024.12.25"]
[SourceQuality "1"]

1. e4 c6 2. d4 d5 3. e5 Bf5 4. Nf3 e6 5. Be2 Nd7 6. 0-0 Ne7 7. Nbd2 Ng6 8. Nb3 f6 9. exf6 Qxf6 10. c4 Bd6 11. Bg5 Qf7 12. Nh4 Nxh4 13. Bxh4 0-0 14. Nd2 Rae8 15. Bg3 Bxg3 16. hxg3 Kh8 17. Nf3 Qf6 18. Qb3 Rb8 19. Rae1 Be4 20. Qe3 Rbe8 21. b3 Bg6 22. Bd3 Bxd3 23. Qxd3 dxc4 24. bxc4 e5 25. d5 e4 26. Qe3 cxd5 27. Nd4 dxc4 28. Rc1 Qf7 29. Nb5 Qe7 30. Rxc4 Nb6 31. Rd4 a6 32. Nd6 Rd8 33. Nxe4 Nd5 34. Qd2 Nc7 35. Rxd8 Rxd8 36. Qc2 Nb5 37. Re1 Nd4 38. Qd3 h6 39. Qc3 Nb5 40. Qe3 Re8 41. f3 Qe5 42. g4 Qd5 43. Qf4 Qxa2 44. Kh2 Qd5 45. Rc1 Qe5 46. Qxe5 Rxe5 47. Rc8+ Kh7 48. Kg3 Re7 49. g5 hxg5 50. Nxg5+ Kg6 51. Kg4 Nd6 52. f4 Nxc8 53. f5+ Kf6 0-1

[Event "Swiss Queens Wed #47"]
[Site "FIDE Online Arena INT"]
[Date "2024.12.18"]
[Round "4"]
[White "Garifullina, Leya"]
[Black "Tomilova, Elena"]
[Result "0-1"]
[WhiteElo "2451"]
[BlackElo "2207"]
[PlyCount "62"]
[EventDate "2024.12.18"]
[EventType "swiss (blitz)"]
[EventRounds "11"]
[EventCountry "NET"]
[SourceTitle "CB52_2024"]
[SourceDate "2024.12.25"]
[SourceVersion "1"]
[SourceVersionDate "2024.12.25"]
[SourceQuality "1"]

1. e4 e6 2. d4 d5 3. Nc3 Bb4 4. e5 c5 5. a3 Ba5 6. b4 cxd4 7. Qg4 Kf8 8. Qxd4 Bb6 9. Qf4 Nc6 10. Nf3 Nge7 11. Bd3 Ng6 12. Bxg6 hxg6 13. Nb5 Kg8 14. Bb2 Bd7 15. 0-0 Be8 16. Rad1 a5 17. c4 axb4 18. cxd5 exd5 19. axb4 Ra4 20. Nd6 Rxb4 21. Qd2 d4 22. Nxb7 Qd5 23. Nd6 Bd7 24. Ba3 Rb3 25. Rb1 Bg4 26. Qa2 Na5 27. Ng5 Qxe5 28. f4 Qe3+ 29. Kh1 Qg3 30. h3 Bxh3 31. Kg1 d3+ 0-1

[Event "Swiss Queens Wed #47"]
[Site "FIDE Online Arena INT"]
[Date "2024.12.18"]
[Round "9"]
[White "Maltsevskaya, Aleksandra"]
[Black "Garifullina, Leya"]
[Result "0-1"]
[WhiteElo "2368"]
[BlackElo "2451"]
[PlyCount "120"]
[EventDate "2024.12.18"]
[EventType "swiss (blitz)"]
[EventRounds "11"]
[EventCountry "NET"]
[SourceTitle "CB52_2024"]
[SourceDate "2024.12.25"]
[SourceVersion "1"]
[SourceVersionDate "2024.12.25"]
[SourceQuality "1"]

1. Nf3 d5 2. g3 Bg4 3. Bg2 e6 4. 0-0 Nf6 5. d3 Be7 6. Nbd2 0-0 7. e4 c5 8. exd5 Nxd5 9. h3 Bxf3 10. Bxf3 Nc6 11. Nc4 Qd7 12. Re1 Bf6 13. a4 b6 14. c3 Rad8 15. Qb3 Nce7 16. a5 b5 17. Ne3 a6 18. Nxd5 Nxd5 19. Bd2 Nc7 20. Be3 Qd6 21. Kg2 Nd5 22. Bd2 Rc8 23. Rad1 Rfd8 24. c4 Nc7 25. Bf4 Qd7 26. Bxc7 Rxc7 27. cxb5 Qxb5 28. Qxb5 axb5 29. Re2 Ra7 30. Ra1 Rxd3 31. a6 c4 32. Bb7 b4 33. Ra4 c3 34. Rxb4 cxb2 35. Rc2 g6 36. Be4 Ra3 37. Rc8+ Kg7 38. Rcb8 R3xa6 39. Rxb2 Bxb2 40. Rxb2 Ra2 41. Rb3 Rd2 42. Rf3 Raa2 43. Bc6 f5 44. g4 Kf6 45. Kg3 Rac2 46. Bb7 Rc1 47. Kg2 Rc4 48. gxf5 gxf5 49. Ba6 Rb4 50. Bf1 Rdd4 51. Kg3 h5 52. Kg2 h4 53. Re3 Rb2 54. Be2 Rdd2 55. Bc4 Rxf2+ 56. Kg1 e5 57. Rd3 Rfd2 58. Rf3 Rb1+ 59. Bf1 Rdd1 60. Kg2 Rxf1 0-1

[Event "Swiss Queens Wed #47"]
[Site "FIDE Online Arena INT"]
[Date "2024.12.18"]
[Round "1"]
[White "Nevska, Gerda"]
[Black "Garifullina, Leya"]
[Result "0-1"]
[WhiteElo "1863"]
[BlackElo "2451"]
[PlyCount "102"]
[EventDate "2024.12.18"]
[EventType "swiss (blitz)"]
[EventRounds "11"]
[EventCountry "NET"]
[SourceTitle "CB52_2024"]
[SourceDate "2024.12.25"]
[SourceVersion "1"]
[SourceVersionDate "2024.12.25"]
[SourceQuality "1"]

1. c4 e5 2. Nc3 Bb4 3. g3 Bxc3 4. dxc3 d6 5. Bg2 Nc6 6. Nf3 Nge7 7. 0-0 0-0 8. h3 Be6 9. b3 h6 10. Kh2 f5 11. e4 f4 12. Nh4 Qe8 13. Bd2 Ng6 14. Nxg6 Qxg6 15. gxf4 exf4 16. Bf3 Ne5 17. Rg1 Qf6 18. Qe2 Qh4 19. Bg4 Bxg4 20. Rxg4 Nxg4+ 21. Qxg4 Qxg4 22. hxg4 g5 23. Rh1 Kg7 24. Kg2 Kg6 25. Re1 Rae8 26. f3 h5 27. gxh5+ Kxh5 28. Rh1+ Kg6 29. Be1 Rh8 30. Rg1 Rh7 31. Bf2 b6 32. Rd1 Reh8 33. Bg1 Rh3 34. b4 Rg3+ 35. Kf2 Rhh3 36. Rd3 g4 37. c5 Rxf3+ 38. Rxf3 Rxf3+ 39. Ke2 bxc5 40. bxc5 dxc5 41. Bxc5 Rxc3 42. Bxa7 Rc2+ 43. Kf1 Rxa2 44. Bc5 g3 45. e5 Kf5 46. Bd4 Ke4 47. Bc3 f3 48. e6 Ra8 49. e7 Re8 50. Kg1 Rxe7 51. Bf6 Rh7 0-1